000 00329nam a2200133Ia 4500
008 240624s9999 xx 000 0 und d
041 _aeng
082 _a658 MOT
100 _aMOTE V L
245 _aTEXTILE AND FASHION CHALLENGES AND STRAT
260 _c2000
_anew Delhi
_bTata McGrawhill
300 _axxvii, : 159
365 _cRS
999 _c1163
_d1163